Test na prawo jazdy - Statystyki

Ogólne statystyki
  • Ten quiz został rozwiązany 41 razy
    38 od ostatniego zresetowania
  • Średni wynik to 3 z 10
Statystyki odpowiedzi
Zagadnienie Odpowiedź % Poprawnych
Co oznacza zielone światło? Jedź
96%
Czy obrazek na miniaturce przedstawia auto? Tak
50%
W momencie, gdy dojeżdżasz do skrzyżowania z czterostronnym stopem na lewym pasie, przygotowując się do skrętu w lewo, samochód po Twojej lewej stronie również dojeżdża do linii w tym samym czasie. Samochód po lewej stronie samochodu po Twojej lewej stronie dojeżdża później i sygnalizuje skręt w prawo, podczas gdy samochód po Twojej prawej stronie dojeżdża tuż przed samochodem po Twojej lewej stronie, zamierzając skręcić w lewo. Kto ma pierwszeństwo przejazdu? Samochód po prawej stronie
46%
Twoja żona właśnie ci napisała "Wracaj do domu". Co robisz? Nieważne nie masz kobiety żadnej
36%
Zauważasz, że wydarzył się wypadek samochodowy. Co robisz? Otwierasz szybę, wytykasz palcem i się śmiejesz
29%
Widzisz jak jakiś dzieciak, na którego się zatrzymałeś na pasach mówi "six seven" i wykonuje jego ruch. Co robisz? Wciskasz gaz i uderzasz w niego albo jak on zdążył już uciec to i tak dalej kontynuujesz pędzić w tego małego gówniarza
29%
Jaką osobę musisz uderzyć w celu uzyskania największej ilości punktów? Oba grupy
21%
Czy masz prawo w Polsce jechać samochodem jedząc lub pijąc? Zależy
21%
Jedziesz na ulicę Uberem, gdzie maksymalna prędkość to 50 km/h. Jak się nazywa kierowca Ubera? Kamil
11%
Kiedy wjeżdżasz na autostradę, co powinieneś zrobić? Zatrzymać się całkowicie
4%
Nie znaleziono quizów pasujących do podanych kryteriów
Rozkład punktacji
Procent ludzi z każdym wynikiem
Percentyl według liczby udzielonych odpowiedzi
Twoja historia wyników
Nie rozwiązałeś tego quizu od ostatniego zresetowania